| 000 | 00639 a2200253 4500 | ||
|---|---|---|---|
| 260 | _aParis | ||
| 630 | _a65 - Gestion et organisation de lindustrie, du commerce, de la communication et des transports | ||
| 037 | _b1, Achat | ||
| 037 | _b1, WVSC | ||
| 650 | _a6 - SCIENCES APPLIQUEES | ||
| 100 | _aPeretti, Jean-Marie | ||
| 260 | _bVuibert | ||
| 245 | _aGestion du personnel | ||
| 300 | _a505 p. | ||
| 650 | _aGestion : ressources humaines | ||
| 260 | _c1981 | ||
| 300 | _b24 cm | ||
| 100 | _lFr | ||
| 440 | _aCollection Vuibert Gestion | ||
| 037 | _aDE 60259 | ||
| 020 | _a2-7117-7601-8 | ||
| 999 |
_c41964 _d41964 |
||